History Quiz

Random History or Numbers Quiz

Year Ladder: Historical Events III Quiz Stats

 Plays Quiz Updated Mar 16, 2018

Challenge
Share
Tweet
Embed
Score 0/20 Timer 05:00
5 Plays Today
Event Year % Correct
Columbus sails from Spain to the New World1492
91.4%
The 9/11 terrorist attacks take place in New York City and Washington D.C.2001
85.8%
JFK is assassinated in Dallas, Texas1963
85.7%
Barack Obama is elected as the first African American president of the United States2008
84.6%
Yuri Gagarin becomes first person to travel into space1961
80.1%
The American Civil War begins1861
78.9%
The Korean War begins1950
77.2%
The Boston Tea Party takes place1773
73%
Brown v. Board of Education determines that racial segregation in schools is unconstitutional1954
72.5%
Thomas Jefferson becomes the 3rd president of the United States1801
72%
Event Year % Correct
Roe v. Wade court case affirms women's right to have abortions1973
71.3%
Nelson Mandela sworn in as South Africa's first black president1994
71.2%
The Great Mississippi and Missouri River Floods occur across the Midwest1993
66.1%
The Salem Witch Trials begin in Salem, Massachusetts1692
65.6%
Treaty of Paris ends the French and Indian War1763
63.8%
The Vikings, led by Leif Eriksson, land in North America1001
57.4%
English civil war begins1642
55.9%
The country of Georgia is founded1008
47.3%
Magnus I of Norway becomes King of Denmark1042
37.9%
Henry II becomes King of Germany1002
37.5%

You're not logged in!

Compare scores with friends on all Sporcle quizzes.
OR
Log In

You Might Also Like...

Show Comments

Extras

Top Quizzes Today


Score Distribution

Your Account Isn't Verified!

In order to create a playlist on Sporcle, you need to verify the email address you used during registration. Go to your Sporcle Settings to finish the process.

Report this User

Report this user for behavior that violates our Community Guidelines.

Details: